Аристотель Фиораванти и перестройка Московского Кремля

Podrobná bibliografie
Hlavní autor: Снегирев В.
Jazyk:ruština
Vydáno: Москва, Изд-во Всесоюзной академии архитектуры, MCMXXXV[1935]
Edice:Мастера архитектуры
Témata:
Médium: MixedMaterials Kniha
KOHA link:https://koha.lib.tpu.ru/cgi-bin/koha/opac-detail.pl?biblionumber=261712

MARC

LEADER 00000nam0a2200000 4500
001 261712
005 20231031221742.0
035 |a (RuTPU)RU\TPU\book\284693 
090 |a 261712 
100 |a 20140526d1935 m y0rusy50 ca 
101 0 |a rus 
102 |a RU 
105 |a abf z 001zb 
200 1 |a Аристотель Фиораванти и перестройка Московского Кремля  |f В. Снегирев 
210 |a Москва  |c Изд-во Всесоюзной академии архитектуры  |d MCMXXXV[1935] 
215 |a 126 с.  |c ил., карта 
225 1 |a Мастера архитектуры  |e Жизнь и творчество знаменитых зодчих 
610 1 |a история 
610 1 |a архитектура 
610 1 |a Московский Кремль 
675 |a 72(09)  |v 3 
700 1 |a Снегирев  |b В. 
801 1 |a RU  |b 63413507  |c 20140526 
801 2 |a RU  |b 63413507  |c 20220211  |g RCR 
942 |c BK